000 00677nas a2200229 4500
001 BR9902870
003 BR-BrBNA
005 20231205101435.0
007 ta
008 230509b bl.|||p| |||| 00| 00por d
040 _aBR-BrBNA
_bpor
_cBiblioteca Nacional de Agricultura
041 _a(Pt)
072 _aL70
100 1 _aAnon.
245 1 _aA importancia da necropsia em medicina veterinaria
650 _aMortalidade Animal
650 _aVeterinaria
650 _aAutopsia
773 0 _tPesquisa Veterinaria Brasileira (Brazil)
_xISSN 0100-736X
_g(Jul-Dec 1998), v. 18(3-4) p. 132-134
_wBR9902870
909 _a202311
_bLúcia
_c55
_dLúcia Elande
942 _2AGRIS
_n0
_cANA
999 _c161861
_d161861